Statistics for Roundest Countries in Europe (with Shapes)

Click here to take the quiz!

General Stats

  • This quiz has been taken 19 times
  • The average score is 14 of 15

Answer Stats

Answer% Correct
Vatican City
100%
Poland
100%
Monaco
100%
San Marino
95%
Kosovo
95%
Belarus
95%
Germany
95%
Spain
95%
Ireland
95%
Romania
89%
Andorra
89%
Montenegro
89%
Lithuania
89%
North Macedonia
84%
Bosnia and Herzegovina
84%

Score Distribution

Percentile by Number Answered

Percent of People with Each Score

Your Score History

You have not taken this quiz